<?xml version="1.0" encoding="UTF-8"?>
<record
    xmlns:xsi="http://www.w3.org/2001/XMLSchema-instance"
    xsi:schemaLocation="http://www.loc.gov/MARC21/slim http://www.loc.gov/standards/marcxml/schema/MARC21slim.xsd"
    xmlns="http://www.loc.gov/MARC21/slim">

  <leader>03013pam a2200421 i 4500</leader>
  <datafield tag="999" ind1=" " ind2=" ">
    <subfield code="c">175396</subfield>
    <subfield code="d">175396</subfield>
  </datafield>
  <controlfield tag="001">vtls000858990</controlfield>
  <controlfield tag="003">PNM</controlfield>
  <controlfield tag="005">20191217145045.0</controlfield>
  <controlfield tag="008">180828t20182018my ao  e     a001 0 may  </controlfield>
  <datafield tag="015" ind1=" " ind2=" ">
    <subfield code="a">M181-03223</subfield>
  </datafield>
  <datafield tag="020" ind1=" " ind2=" ">
    <subfield code="a">9789672210160</subfield>
    <subfield code="c">RM40.00</subfield>
    <subfield code="q">paperback</subfield>
  </datafield>
  <datafield tag="039" ind1=" " ind2="9">
    <subfield code="a">201905091052</subfield>
    <subfield code="b">masliza</subfield>
    <subfield code="c">201905091027</subfield>
    <subfield code="d">rosliza</subfield>
    <subfield code="c">201904021108</subfield>
    <subfield code="d">azizan</subfield>
    <subfield code="c">201811280918</subfield>
    <subfield code="d">ben</subfield>
  </datafield>
  <datafield tag="040" ind1=" " ind2=" ">
    <subfield code="a">BNM</subfield>
    <subfield code="b">eng</subfield>
    <subfield code="c">BNM</subfield>
    <subfield code="d">PNM</subfield>
    <subfield code="d">PPAK</subfield>
    <subfield code="e">rda</subfield>
  </datafield>
  <datafield tag="049" ind1=" " ind2=" ">
    <subfield code="a">klpmal</subfield>
  </datafield>
  <datafield tag="082" ind1="0" ind2="4">
    <subfield code="2">23</subfield>
    <subfield code="a">297.14092</subfield>
  </datafield>
  <datafield tag="090" ind1="0" ind2="0">
    <subfield code="a">297.14092</subfield>
    <subfield code="b">HAR</subfield>
    <subfield code="d">G</subfield>
  </datafield>
  <datafield tag="100" ind1="0" ind2=" ">
    <subfield code="a">Harussani Hj. Zakaria,</subfield>
    <subfield code="c">Tan Sri, Dato' Seri, Dr.,</subfield>
    <subfield code="d">1939-</subfield>
    <subfield code="e">author.</subfield>
  </datafield>
  <datafield tag="245" ind1="1" ind2="0">
    <subfield code="a">Memoir Harussani Zakaria :</subfield>
    <subfield code="b">DIA AKAN JADI MUFTI /</subfield>
    <subfield code="c">Harussani Hj. Zakaria</subfield>
  </datafield>
  <datafield tag="264" ind1=" " ind2="1">
    <subfield code="a">Sintok, Kedah :</subfield>
    <subfield code="b">UUM Press, Penerbit Universiti Utara Malaysia,</subfield>
    <subfield code="c">2018</subfield>
  </datafield>
  <datafield tag="264" ind1=" " ind2="4">
    <subfield code="c">&#xA9;2018</subfield>
  </datafield>
  <datafield tag="300" ind1=" " ind2=" ">
    <subfield code="a">xii, 151 pages :</subfield>
    <subfield code="b">colour photographs ;</subfield>
    <subfield code="c">23 cm</subfield>
  </datafield>
  <datafield tag="336" ind1=" " ind2=" ">
    <subfield code="a">text</subfield>
    <subfield code="2">rdacontent</subfield>
  </datafield>
  <datafield tag="337" ind1=" " ind2=" ">
    <subfield code="a">unmediated</subfield>
    <subfield code="2">rdamedia</subfield>
  </datafield>
  <datafield tag="338" ind1=" " ind2=" ">
    <subfield code="a">volume</subfield>
    <subfield code="2">rdacarrier</subfield>
  </datafield>
  <datafield tag="500" ind1=" " ind2=" ">
    <subfield code="a">Contains verses from Qur'an and quotes from the Hadith</subfield>
  </datafield>
  <datafield tag="500" ind1=" " ind2=" ">
    <subfield code="a">Includes index</subfield>
  </datafield>
  <datafield tag="504" ind1=" " ind2=" ">
    <subfield code="a">Bibliography : pages 145-147</subfield>
  </datafield>
  <datafield tag="520" ind1=" " ind2=" ">
    <subfield code="a">Tan Sri Dato&#x2019; Seri (Dr.) Hj. Harussani bin Hj. Zakaria adalah anak bongsu kepada pasangan Hj. Zakaria b. Hj. Osman dan Hjh. Zainab bt. Jalaluddin, dilahirkan kira-kira 79 tahun yang lalu di Parit Buntar, Perak. Ayah beliau merupakan seorang yang tegas dalam memberi didikan agama kepada anak-anaknya.
Perjalanan menjadi Mufti beliau bermula apabila menjawat jawatan sebagai Kadi di Jabatan Agama Pulau Pinang bermula dari tahun 1967 hingga 1973, kemudiannya dilantik sebagai Kadi Besar dari 1973 hingga 1985.Kefasihan beliau dalam mengulas isu-isu agama Islam telah melayakkan beliau untuk dilantik sebagai Mufti Perak bermula 1985 hingga kini.
 Secara umumnya, Tan Sri Dato&#x2019; Seri (Dr.) Hj. Harussani adalah seorang yang tegas dalam pendiriannya. Ketegasan beliau dalam isu-isu yang melibatkan agama Islam ini sebenarnya bukan lagi menjadi rahsia, sama ada dalam kalangan sahabat handai, para penyokong, mahupun mereka yang tidak sependapat dengan beliau. Sejarah telah merakamkan betapa lantangnya beliau ketika bercakap tentang isu murtad, poco-poco, Majlis Perundingan Antara Agama, yoga, penggunaan kalimah Allah oleh orang-orang bukan Islam, kerajaan perpaduan (UMNO-PAS) dan demonstrasi jalanan.

Buku ini bukan hanya pengkisahan memoir tetapi juga memberikan beliau satu ruang penjelasan mengenai isu-isu sensasi yang pernah beliau bangkitkan sebelum ini. Semoga karya ini dapat dijadikan rujukan dan penerangan sewajarnya kepada para pembaca.

</subfield>
  </datafield>
  <datafield tag="600" ind1="0" ind2="4">
    <subfield code="a">Harussani Hj. Zakaria,</subfield>
    <subfield code="c">Tan Sri, Dato' Seri,</subfield>
    <subfield code="d">1966-</subfield>
    <subfield code="v">Biography</subfield>
  </datafield>
  <datafield tag="650" ind1="1" ind2="0">
    <subfield code="a">Muftis (Muslim officials)</subfield>
    <subfield code="z">Malaysia</subfield>
    <subfield code="v">Biography</subfield>
  </datafield>
  <datafield tag="650" ind1="2" ind2="0">
    <subfield code="a">Muslim scholars</subfield>
    <subfield code="v">Biography</subfield>
  </datafield>
  <datafield tag="650" ind1="2" ind2="0">
    <subfield code="a">Autobiography</subfield>
  </datafield>
  <datafield tag="650" ind1="2" ind2="0">
    <subfield code="a">Government publications</subfield>
    <subfield code="z">Malaysia</subfield>
  </datafield>
  <datafield tag="942" ind1=" " ind2=" ">
    <subfield code="2">ddc</subfield>
    <subfield code="c">B</subfield>
  </datafield>
  <datafield tag="949" ind1=" " ind2=" ">
    <subfield code="6">1001382766</subfield>
    <subfield code="a">297.14092 HAR D</subfield>
    <subfield code="e">2598777</subfield>
  </datafield>
  <datafield tag="949" ind1=" " ind2=" ">
    <subfield code="6">1001382767</subfield>
    <subfield code="a">297.14092 HAR D</subfield>
    <subfield code="e">2598778</subfield>
  </datafield>
  <datafield tag="949" ind1=" " ind2=" ">
    <subfield code="6">1001382768</subfield>
    <subfield code="a">297.14092 HAR D</subfield>
    <subfield code="e">2598779</subfield>
  </datafield>
  <datafield tag="952" ind1=" " ind2=" ">
    <subfield code="0">0</subfield>
    <subfield code="7">0</subfield>
    <subfield code="b">PPAK</subfield>
    <subfield code="c">G</subfield>
    <subfield code="d">2019-12-24</subfield>
    <subfield code="l">2</subfield>
    <subfield code="o">297.14092 HAR</subfield>
    <subfield code="p">A01623953</subfield>
    <subfield code="q">2026-07-12</subfield>
    <subfield code="r">2026-06-21 11:46:43</subfield>
    <subfield code="s">2026-06-21</subfield>
    <subfield code="y">B</subfield>
  </datafield>
  <datafield tag="952" ind1=" " ind2=" ">
    <subfield code="0">0</subfield>
    <subfield code="7">0</subfield>
    <subfield code="b">SP</subfield>
    <subfield code="c">G</subfield>
    <subfield code="d">2019-12-24</subfield>
    <subfield code="l">1</subfield>
    <subfield code="m">1</subfield>
    <subfield code="o">297.14092 HAR</subfield>
    <subfield code="p">A01623954</subfield>
    <subfield code="r">2021-04-10 00:00:00</subfield>
    <subfield code="s">2021-03-08</subfield>
    <subfield code="y">B</subfield>
  </datafield>
  <datafield tag="952" ind1=" " ind2=" ">
    <subfield code="0">0</subfield>
    <subfield code="7">0</subfield>
    <subfield code="b">JT</subfield>
    <subfield code="c">G</subfield>
    <subfield code="d">2019-12-24</subfield>
    <subfield code="o">297.14092 HAR</subfield>
    <subfield code="p">A01623955</subfield>
    <subfield code="r">2019-12-24 00:00:00</subfield>
    <subfield code="y">B</subfield>
  </datafield>
  <datafield tag="952" ind1=" " ind2=" ">
    <subfield code="0">0</subfield>
    <subfield code="7">0</subfield>
    <subfield code="b">LW</subfield>
    <subfield code="c">G</subfield>
    <subfield code="d">2019-12-24</subfield>
    <subfield code="o">297.14092 HAR</subfield>
    <subfield code="p">A01623956</subfield>
    <subfield code="r">2019-12-24 00:00:00</subfield>
    <subfield code="y">B</subfield>
  </datafield>
  <datafield tag="952" ind1=" " ind2=" ">
    <subfield code="0">0</subfield>
    <subfield code="7">0</subfield>
    <subfield code="b">KM</subfield>
    <subfield code="c">G</subfield>
    <subfield code="d">2019-12-24</subfield>
    <subfield code="l">1</subfield>
    <subfield code="o">297.14092 HAR</subfield>
    <subfield code="p">A01623957</subfield>
    <subfield code="r">2023-03-20 00:00:00</subfield>
    <subfield code="s">2023-02-28</subfield>
    <subfield code="y">B</subfield>
  </datafield>
  <datafield tag="952" ind1=" " ind2=" ">
    <subfield code="0">0</subfield>
    <subfield code="7">0</subfield>
    <subfield code="b">BL</subfield>
    <subfield code="c">G</subfield>
    <subfield code="d">2019-12-24</subfield>
    <subfield code="o">297.14092 HAR</subfield>
    <subfield code="p">A01623958</subfield>
    <subfield code="r">2019-12-24 00:00:00</subfield>
    <subfield code="y">B</subfield>
  </datafield>
  <datafield tag="952" ind1=" " ind2=" ">
    <subfield code="0">0</subfield>
    <subfield code="7">0</subfield>
    <subfield code="b">BB</subfield>
    <subfield code="c">G</subfield>
    <subfield code="d">2019-12-24</subfield>
    <subfield code="o">297.14092 HAR</subfield>
    <subfield code="p">A01623959</subfield>
    <subfield code="r">2019-12-24 00:00:00</subfield>
    <subfield code="y">B</subfield>
  </datafield>
</record>
